China Monthly Statistics (Record no. 6635)

MARC details
000 -LEADER
fixed length control field 00435nam a22001937i 4500
001 - CONTROL NUMBER
control field 7831
003 - CONTROL NUMBER IDENTIFIER
control field OSt
005 - DATE AND TIME OF LATEST TRANSACTION
control field 20170126082404.0
007 - PHYSICAL DESCRIPTION FIXED FIELD--GENERAL INFORMATION
fixed length control field tu
008 - FIXED-LENGTH DATA ELEMENTS--GENERAL INFORMATION
fixed length control field 161220s xxu||||| |||| 00| 0 d
024 7# - OTHER STANDARD IDENTIFIER
Standard number or code 7831
Source of number or code RID
040 ## - CATALOGING SOURCE
Transcribing agency OSt
110 2# - MAIN ENTRY--CORPORATE NAME
Corporate name or jurisdiction name as entry element National Bureau of Statistics of China
245 00 - TITLE STATEMENT
Title China Monthly Statistics
260 ## - PUBLICATION, DISTRIBUTION, ETC.
Place of publication, distribution, etc. Hong Kong.
490 ## - SERIES STATEMENT
Series statement China Monthly Statistics
651 ## - SUBJECT ADDED ENTRY--GEOGRAPHIC NAME
Geographic name China
866 #0 - TEXTUAL HOLDINGS--BASIC BIBLIOGRAPHIC UNIT
-- 1995/1-2010
942 ## - ADDED ENTRY ELEMENTS (KOHA)
Koha item type Statistics
Holdings
Withdrawn status Lost status Damaged status Not for loan Home library Current library Shelving location Date acquired Serial Enumeration / chronology Inventory number Total Checkouts Barcode Date last seen Price effective from Koha item type
        WIIW WIIW Library 08/04/2010 2010/7 7831   10003764 01/26/2017 01/26/2017 Statistics
        WIIW WIIW Library 09/13/2010 2010/8 7831   10003951 01/26/2017 01/26/2017 Statistics
        WIIW WIIW Library 10/11/2010 2010/9 7831   10003983 01/26/2017 01/26/2017 Statistics
        WIIW WIIW Library 11/17/2010 2010/10 7831   10004032 01/26/2017 01/26/2017 Statistics
        WIIW WIIW Library 12/09/2010 2010/11 7831   10004059 01/26/2017 01/26/2017 Statistics
The Vienna Instiute for International Economic Studies (wiiw)